Criminal procedure in Ghana / (Record no. 362)
[ view plain ]
| 000 -LEADER | |
|---|---|
| fixed length control field | 00749cam a2200205 a 4500 |
| 001 - CONTROL NUMBER | |
| control field | 929089 |
| 005 - DATE AND TIME OF LATEST TRANSACTION | |
| control field | 20241029200633.0 |
| 008 - FIXED-LENGTH DATA ELEMENTS--GENERAL INFORMATION | |
| fixed length control field | 841004s1982 gh 001 0 eng |
| 020 ## - INTERNATIONAL STANDARD BOOK NUMBER | |
| International Standard Book Number | 9964720092 (pbk.) |
| 020 ## - INTERNATIONAL STANDARD BOOK NUMBER | |
| International Standard Book Number | 9964720084 (hard) |
| 050 00 - LIBRARY OF CONGRESS CALL NUMBER | |
| Classification number | KRX4610 |
| Item number | .A65 1982 |
| 082 00 - DEWEY DECIMAL CLASSIFICATION NUMBER | |
| Classification number | 345.667/05 |
| -- | 346.67055 |
| Edition information | 19 |
| 100 1# - MAIN ENTRY--PERSONAL NAME | |
| Personal name | Amissah, Austin. |
| 245 10 - TITLE STATEMENT | |
| Title | Criminal procedure in Ghana / |
| Statement of responsibility, etc. | by A.N.E. Amissah. formerly Director of Public Prosecutions, Justice of Appeal, Prof. and Dean of the Law Faculty, University of Ghana, and Attorney General and Commissioner for Justice |
| 260 ## - PUBLICATION, DISTRIBUTION, ETC. | |
| Place of publication, distribution, etc. | Accra : |
| Name of publisher, distributor, etc. | Sedco, |
| Date of publication, distribution, etc. | 1982. |
| 300 ## - PHYSICAL DESCRIPTION | |
| Extent | xiv, 388 p. ; |
| Dimensions | 30 cm. |
| Other physical details | Index |
| 500 ## - GENERAL NOTE | |
| General note | Includes index. |
| 650 #0 - SUBJECT ADDED ENTRY--TOPICAL TERM | |
| Topical term or geographic name entry element | Criminal procedure |
| Geographic subdivision | Ghana. |
| 942 ## - ADDED ENTRY ELEMENTS (KOHA) | |
| Source of classification or shelving scheme | Library of Congress Classification |
| Koha item type | Books |
| Suppress in OPAC | No |
| 999 ## - | |
| -- | 362 |
| -- | 362 |
| Withdrawn status | Lost status | Source of classification or shelving scheme | Damaged status | Not for loan | Collection | Home library | Current library | Shelving location | Date acquired | Total checkouts | Full call number | Barcode | Date last seen | Copy number | Price effective from | Koha item type |
|---|---|---|---|---|---|---|---|---|---|---|---|---|---|---|---|---|
| Library of Congress Classification | Non-fiction | Law Library (Christ Temple) | Law Library (Christ Temple) | Reference | 06/10/2025 | KRX4610A.65 AMI | LLCT00000707 | 06/10/2025 | 1 | 06/10/2025 | Books | |||||
| Library of Congress Classification | Non-fiction | Law Library (Miotso) | Law Library (Miotso) | Reference | 10/29/2024 | KRX4610.A65 AMI | llm00000326 | 10/29/2024 | 1 | 10/29/2024 | Books | |||||
| Library of Congress Classification | Non-fiction | Law Library (Miotso) | Law Library (Miotso) | Reference | 10/29/2024 | KRX4610.A65 AMI | llm00000327 | 10/29/2024 | 2 | 10/29/2024 | Books |